000 00769nam a2200205Ii 4500
003 JO-AjNU
008 230605s9999||||xx |||||||||||||| ||und||
040 _aJO-AjNU
_bara
_erda
_cJO-AjNU
041 _aara
050 1 4 _aBL41.M6764.1993
100 3 _aعبد الرازق،مصطفى ؛ تعليق وتصحيح: حسن السماحي سويدان,
_eauthor
_919848
245 0 0 _aالدين والوحي والإسلام
250 _aط1
264 3 1 _aبيروت-دمشق:دار القادري للطباعة والنشر والتوزيع ،1993
300 _a120ص
336 _atext
_btxt
_2rdacontent
337 _aunmediated
_bn
_2rdamedia
338 _avolume
_bnc
_2rdacarrier
650 4 _aالاسلام-دعوة-الوحي-السيرة النبوية
_919849
999 _aA6622
_c10190
_d10190